=LDR 00000nam 2200000 4500 =001 INLIS000000000019472 =005 20130612114528 =008 ***********************************Ind** =035 ##$$0010-061300000019472 =041 ##$$a Ind =082 ##$$a R.340.03 =090 ##$$a R.340.03, Sud k =100 ##$$a Sudarsono =245 ##$$a Kamus hukum, oleh Drs. Sudarsono, SH, M.Si =260 ##$$a 2005 $b Jakarta =300 ##$$a vii, 620 hlm, 23 cm =650 ##$$a Hukum-Kamus =850 ##$$a NBPNMAT